Cricket Decoder - Statistics

General Stats
  • This quiz has been taken 3,156 times
  • The average score is 14 of 21
Answer Stats
hint answer % Correct
T International 5-day match Test
97%
A Australia vs England trophy Ashes
91%
O The "O" in ODI One
91%
S Slow bowling style Spin
90%
U Referee Umpire
90%
C Most common dismissal method Caught
88%
O Set of six pitches by one bowler Over
81%
I All-rounder Khan Imran
79%
M Home of MCG Melbourne
77%
T Nickname for century Ton
75%
T Most international runs (34,357) Tendulkar
69%
M Most international wickets (1347) Muralitharan
66%
I Matches have 1 or 2 per side Innings
60%
R India's domestic trophy {Ranji} Trophy
58%
R Captain then commentator {Richie} Benaud
56%
N Home of Trent Bridge Nottingham
54%
E Birmingham's ground Edgbaston
53%
M NZ triple-centurion McCullum
53%
P Father & son Peter & Shaun Pollock
48%
H Attacking shot Hook
41%
... it's much more important
34%
No matching quizzes found
Score Distribution
Percent of People with Each Score
Percentile by Number Answered
Your Score History
You have not taken this quiz